| 000 | 00497nam a2200121Ia 4500 | ||
|---|---|---|---|
| 008 | 171212s9999 xx 000 0 und d | ||
| 020 | _a9780833059185 | ||
| 100 | _aSamaras, Constantine;Drezner, Jeffrey A.;Willis, Henry H.;Bloom, Evan | ||
| 245 |
_cSamaras, Constantine;Drezner, Jeffrey A.;Willis, Henry H.;Bloom, Evan _aCharacterizing the U.S. Industrial Base for Coal-Powered Electricity |
||
| 260 |
_bRAND Corporation _c2011 |
||
| 650 | _aLaw | ||
| 856 | _uwww.jstor.org/stable/10.7249/mg1147netl | ||
| 999 |
_c351848 _d351848 |
||